• 首页
  • 本馆介绍
  • 公告通知
  • 最新文献
  • 馆藏检索
  • 电子资源
  • 读者导购
  • 参考咨询
  • 我的图书馆
  • 登录
  • 详细信息显示
  • 放入我的书架
  • 预约/预借图书
  • 作者相关作品
  • 分类相关作品
  • 丛书相关作品
  • 出版社相关作品

书目信息

  • 表格格式
  • 工作单格式
  • 卡片格式
题名:
药物合成反应
    
 
作者: 闻韧 主编 ;复旦大学 编
分册:  
出版信息: 北京   化学工业出版社  2019重印
页数: 425页
开本: 26cm
丛书名:
单 册:
中图分类: TQ460.31 , R914.5
科图分类:
主题词: 药物化学--yao wu hua xue--有机合成--化学反应--高等学校--教材
电子资源:
ISBN: 978-7-122-28686-4
000 01162nam0 2200313 45
001 012001000385
005 20191108094627.00
010    @a978-7-122-28686-4@dCNY49.80
099    @aCAL 012017086499
100    @a20170526d2017 ekmy0chiy50 ea
101 0  @achi
102    @aCN@b110000
105    @aak a 001yy
106    @ar
200 1  @a药物合成反应@Ayao wu he cheng fan ying@d= Organic reactions for drug synthesis@f复旦大学 ... [等] 合编@g闻韧主编@zeng
205    @a第4版
210    @a北京@c化学工业出版社@d2019重印
215    @a425页@c图@d26cm
320    @a有书目和索引
330    @a本书前七章主要介绍卤化、烃化、酰化、缩合、重排、氧化和还原等药物合成中常用有机反应的重要理论及其应用,第八章为合成设计原理。
333    @a“十二五”普通高等教育本科国家级规划教材 普通高等教育“十一五”国家级规划教材
510 1  @aOrganic reactions for drug synthesis@zeng
606 0  @a药物化学@Ayao wu hua xue@x有机合成@x化学反应@x高等学校@j教材
690    @aTQ460.31@v5
690    @aR914.5@v5
701  0 @a闻韧@Awen ren@4主编
712 02 @a复旦大学@Afu dan da xue@4编
801  0 @aCN@b北京卓展文化@c20191020
905    @b1200366-9@dTQ460.31@e99=4@f4
    
    药物合成反应= Organic reactions for drug synthesis/复旦大学 ... [等] 合编/闻韧主编.-第4版.-北京:化学工业出版社,2019重印
    425页:图;26cm
    使用对象:“十二五”普通高等教育本科国家级规划教材 普通高等教育“十一五”国家级规划教材
    
    ISBN 978-7-122-28686-4:CNY49.80
    本书前七章主要介绍卤化、烃化、酰化、缩合、重排、氧化和还原等药物合成中常用有机反应的重要理论及其应用,第八章为合成设计原理。
●
相关链接 在E读中查询图书 在五车中查询图书 在当当中查询图书 在豆瓣中查询图书


正题名:药物合成反应     索取号:TQ460.31/99=4         预约/预借

序号 登录号 条形码 馆藏地/架位号 状态 备注
1 1200366   212003669   第二样本阅览室/ [索取号:TQ460.31/99=4] 在馆    
2 1200367   212003678   第三借阅区/ [索取号:TQ460.31/99=4] 在馆    
3 1200368   212003687   第三借阅区/ [索取号:TQ460.31/99=4] 在馆    
4 1200369   212003696   第三借阅区/ [索取号:TQ460.31/99=4] 在馆    
唐山师范学院图书馆 欢迎您!
大连网信软件有限公司© 版权所有